00349nam a22000857a 4500008004100000050002700041100003000068245015000098300001500248210119b xxu||||| |||| 00| 0 eng d aGMB0693b.S25 2018 c.1 aSakura, Sylvia Chepkorir  aRelationship between business continuity management practices anf organizational performance ba case of security firmsc Sylvia Chepkorir Sakura a80 leaves